Beneyto desdoblándose (Record no. 195437)

MARC details
000 -LEADER
campo de control de longitud fija 02100nmm a2200409 i 4500
001 - NÚMERO DE CONTROL
campo de control 195437
003 - IDENTIFICADOR DE NÚMERO DE CONTROL
campo de control SpMaBN
005 - FECHA Y HORA DE LA ÚLTIMA TRANSACCIÓN
campo de control 20250823051222.0
007 - CAMPO FIJO DE DESCRIPCIÓN FÍSICA--INFORMACIÓN GENERAL
campo de control de longitud fija vd*cvaizz
008 - DATOS DE LONGITUD FIJA--INFORMACIÓN GENERAL
campo de control de longitud fija 240612s2010 sp 030 g v spa
035 ## - NÚMERO DE CONTROL DEL SISTEMA
Número de control de sistema (OCoLC)989141728
035 ## - NÚMERO DE CONTROL DEL SISTEMA
Número de control de sistema a5968824
040 ## - FUENTE DE CATALOGACIÓN
Centro catalogador/agencia de origen SpMaBN
Lengua de catalogación spa
Centro/agencia transcriptor SpMaBN
Normas de descripción rdc
Centro/agencia modificador ES-MaACL
245 00 - MENCIÓN DEL TÍTULO
Título Beneyto desdoblándose
Medio [Recurso Electrónico] /
Mención de responsabilidad, etc. dirección Adriana Hoyos ; guión Adriana Hoyos
250 ## - MENCION DE EDICION
Mención de edición Edición no venal
260 ## - PUBLICACIÓN, DISTRIBUCIÓN, ETC.
Lugar de publicación, distribución, etc. [Majadahonda (Madrid) :
Nombre del editor, distribuidor, etc. La huella del gato,
Fecha de publicación, distribución, etc. 2010.
300 ## - DESCRIPCIÓN FÍSICA
Extensión 1 DVD-vídeo (30 min) :
Otras características físicas son., col. ;
Dimensiones 12 cm
336 ## - TIPO DE CONTENIDO
Término de tipo de contenido Imagen (en movimiento ; bidimensional)
Fuente isbdcontent
337 ## - TIPO DE MEDIO
Nombre/término del tipo de medio vídeo
Fuente isbdmedia
338 ## - TIPO DE SOPORTE
Fuente rdacarrier
Nombre/término del tipo de soporte volumen
500 ## - NOTA GENERAL
Nota general Distribuido junto a la revista Barcarola
518 ## - NOTA DE FECHA/HORA Y LUGAR DE UN ACONTECIMIENTO
Nota de fecha/hora y lugar de un acontecimiento Cortometraje realizado en España en 2010
520 ## - RESUMEN, ETC.
Sumario, etc. Beneyto pintor, escritor y editor es uno de los últimos exponentes del postismo. Esta obra difumina los límites entre realidad y ficción para adentrarnos en el universo surrealista beneytiano. Algunos de sus amigos como Pere Gimferrer, José Corredor Matheos, Jaime D. Parra o Glòria Bosch nos revelan algo de su enigmática personalidad. Mantuvo una afectuosa correspondencia con Alejandra Pizarnik, que recorre la película a través de sus fotos, de sus cartas, siendo una presencia ausente.
586 ## - NOTA DE PREMIOS
Nota de premios Presentado y seleccionado en los festivales de: Ankara International Film Festival. 2012, FICA Festival Internacional de Creación Audiovisual 2011, 13ª Muestra Internacional Documental de Bogotá 2011
597 ## - NOTA DE DESCRIPCIÓN FÍSICA
NOTA DE DESCRIPCIÓN FÍSICA Formato de pantalla 16:4
600 04 - PUNTO DE ACCESO ADICIONAL DE MATERIA--NOMBRE DE PERSONA
Nombre de persona Beneyto, Antonio,
Fechas asociadas al nombre 1934-
Fuente del encabezamiento o término embne
9 (RLIN) 27556
650 #7 - PUNTO DE ACCESO ADICIONAL DE MATERIA--TÉRMINO DE MATERIA
Término de materia o nombre geográfico como elemento de entrada Arte español
Fuente del encabezamiento o término embne
9 (RLIN) 10189
650 #7 - PUNTO DE ACCESO ADICIONAL DE MATERIA--TÉRMINO DE MATERIA
Término de materia o nombre geográfico como elemento de entrada Surrealismo (Arte)
Fuente del encabezamiento o término embne
9 (RLIN) 17267
655 #0 - TERMINO DE INDIZACIÓN--GENERO/FORMA
Datos o término principal de género/forma Documentales
9 (RLIN) 236959
655 #7 - TERMINO DE INDIZACIÓN--GENERO/FORMA
Datos o término principal de género/forma Cortometrajes
Fuente del término tgfbne
9 (RLIN) 236960
700 1# - ENTRADA AGREGADA--NOMBRE PERSONAL
Nombre de persona Hoyos, Adriana,
Fechas asociadas al nombre 1966-
9 (RLIN) 236961
852 ## - LOCALIZACIÓN
Ubicación ES-MaACL
Ubicación en estantería Rotativo
Número de control de estantería ROT 6/3/12
itemnumber 203460
942 ## - ELEMENTOS DE ENTRADA SECUNDARIOS (KOHA)
Fuente del sistema de clasificación o colocación Clasificación decimal universal
Tipo de ítem Koha DVD
Suprimir en OPAC No
Holdings
Estatus retirado Estado de pérdida Fuente del sistema de clasificación o colocación Estado de daño No para préstamo Biblioteca de origen Biblioteca actual Ubicación en estantería Fecha de adquisición Total de préstamos Signatura topográfica completa Código de barras Visto por última vez Precio de reemplazo Tipo de ítem Koha
    Clasificación decimal universal     Biblioteca del Ateneo de Madrid Biblioteca del Ateneo de Madrid Rotativo 12/06/2024   ROT 6/3/12 101228510 12/06/2024 12/06/2024 DVD